ბათუმის შოთა რუსთაველის სახელმწიფო უნივერსიტეტის ბიბლიოთეკა

ერთტომეული. პოეზია,რომანი,პუბლიცისტიკა,მოგონებები,წერილები (ბიბ.ჩანაწერი № 43103)

000 -LEADER
fixed length control field 00884nam a2200229Ia 4500
001 - CONTROL NUMBER
control field 9824
003 - CONTROL NUMBER IDENTIFIER
control field GE_BSU
008 - FIXED-LENGTH DATA ELEMENTS--GENERAL INFORMATION
fixed length control field 181216s||||||||xx |||||||||||||| ||und||
020 ## - INTERNATIONAL STANDARD BOOK NUMBER
International Standard Book Number 9992885629
040 ## - CATALOGING SOURCE
Transcribing agency GE_BSU
080 ## - UNIVERSAL DECIMAL CLASSIFICATION NUMBER
Universal Decimal Classification number 821.353.1–1+821.353.1-31+821.353.1-92
100 ## - MAIN ENTRY--PERSONAL NAME
Personal name გელაძე,ლევან
245 ## - TITLE STATEMENT
Title ერთტომეული. პოეზია,რომანი,პუბლიცისტიკა,მოგონებები,წერილები
245 ## - TITLE STATEMENT
Statement of responsibility, etc. რედ.ლალი კონცელიძე.მხატვ.გურამ გუჯაბიძე
260 ## - PUBLICATION, DISTRIBUTION, ETC.
Place of publication, distribution, etc. ბათუმი
260 ## - PUBLICATION, DISTRIBUTION, ETC.
Name of publisher, distributor, etc. აჭარა
260 ## - PUBLICATION, DISTRIBUTION, ETC.
Date of publication, distribution, etc. 2003
300 ## - PHYSICAL DESCRIPTION
Extent 672გვ.ფოტოები.20სმ.
653 ## - INDEX TERM--UNCONTROLLED
Uncontrolled term პოეზია,რომანი,პუბლიცისტიკა,
942 ## - ADDED ENTRY ELEMENTS (KOHA)
Koha item type წიგნი
ეგზემპლარები
Withdrawn status Lost status Damaged status Not for loan Date acquired Barcode Date last seen Price effective from Koha item type
        2018-12-17 32943 2018-12-17 2018-12-17 წიგნი